000 01763nac a22003615a 4500
005 20150811100110.0
008 150805t2003 xxua fr b 001 0 eng d
010 _a 2002155479
020 _a0471214175 (cloth : perm. paper)
020 _a9780471214175
040 _aEG-ScBUE
_beng
_cEG-ScBUE
082 0 4 _a332.1092
_bBRA
_222
100 1 _aBrandt, Richard L.
245 1 0 _aCapital instincts :
_blife as an entrepreneur, financier, and athlete /
_cRichard L. Brandt ; with contributions by Thomas Weisel.
260 _aHoboken, New Jersey :
_bJohn Wiley & Sons,
_cc.2003.
300 _axv, 336 p. :
_bphotos ;
_c24 cm.
500 _aIndex : p. 325-336
504 _aBibliography: p. 311-313.
505 0 _aNever underestimate Thom Weisel -- Life on the edge of a precipice -- Of midget boys and men -- Breaking away -- A good place to be -- Passion is good -- Skiing, cycling, selling stocks -- Postal services -- The buildup -- Politics and art -- The big sale -- The big boom -- Conflicted -- The new age and old age.
511 _aCatalogued By :Mahitab .
590 _aMohamed Hussein
600 1 0 _aWeisel, Thomas.
650 0 _aCapitalists and financiers
_zUnited States
_vBiography.
_2BUEsh
650 0 _aBusinesspeople
_zUnited States
_vBiography.
_2BUEsh
_928129
651 _2BUEsh
653 _bBUSADM
_cAugust2015
700 1 _aWeisel, Thomas,
_econtributor.
700 1 _aArmstrong, Lance.
856 4 2 _3Contributor biographical information
_uhttp://www.loc.gov/catdir/bios/wiley046/2002155479.html
856 4 2 _3Publisher description
_uhttp://www.loc.gov/catdir/description/wiley0310/2002155479.html
856 4 2 _3Table of contents
_uhttp://www.loc.gov/catdir/toc/wiley031/2002155479.html
942 _cBB
_k332.1092 BRA
_2ddc
999 _c5233
_d5233